LEADER 01002nam a2200277 4500 001 000000348965 003 CaOOAMICUS 005 20211220112501.0 008 211216s2005 it 000 u ita r 020 $a88-17-00093-0 040 $aSeMil$bita 100 1 $aStella, Gian Antonio,$d<1953- >.$0(OLS)http://semarc/name/53050 245 13$aIl maestro magro /$cGian Antonio Stella. 264 1$aMilano :$bRizzoli,$c2005. 300 $a314 p. ;$c23 cm 490 1 $aLa scala 541 0 $aOmaggio card. Angelo Scola (1A III 221) 830 3$aLa scala.$0(OLS)http://semarc/title/7359 850 $aSeMil 852 $aSeMil$W1$xVenegono$y1$m1A III 221$j230799$B240041$CSeMilBibl$Z2$F240041 $81 941 1 $a6 961 $aOmaggio card. Angelo Scola 996 $6020$a88-17-00093-0$9(OLS)http://semarc/number/294918 996 $6245$aIl maestro magro$9(OLS)http://semarc/title/438450 996 $6264$aMilano :$bRizzoli$9(OLS)http://semarc/publisher/29824 LEADER 01024nam a2200229 i 4500 001 000000182951 003 CaOOAMICUS 005 20151109000000.0 008 151109s2003 it u000 u ita u 013 $a160912 040 $aSeMil$bita 245 10$aAlle origini di Camaldoli :$bsan Romualdo e i cinque fratelli /$cTraduzione, commento e note a cura di Thomas Matus. 260 $aCamaldoli (AR) :$bCamaldoli,$ccopyr. 2003. 300 $a207 p., [1] p. di tav. ;$c21 cm. 650 4$aPoppi - Camaldoli - Monastero.$0(OLS)http://semarc/subject/12703 650 4$aRomualdo .$0(OLS)http://semarc/subject/7661 700 1 $aMatus, Thomas.$0(OLS)http://semarc/name/28776 850 $aSeMil 852 $aSeMil$W1$xVenegono$y1$m3H V 325$j133655$B133655$CSeMilBibl$Z2$F207855 $81 961 $aOmaggio: Martinelli don Romano 996 $6245$aAlle origini di Camaldoli :$bsan Romualdo e i cinque fratelli$9(OLS)http://semarc/title/262560 996 $6260$aCamaldoli (AR) :$bCamaldoli$9(OLS)http://semarc/publisher/31061 LEADER 00950nam a2200241 i 4500 001 000000064080 003 CaOOAMICUS 005 20130326000000.0 008 130326s1965 xx u000 u fre u 013 $a35252 040 $aSeMil$bita 245 13$aLe ministère des diacres /$cConseil Oecuménique des Eglises. 260 $aGenève :$b[s.n.],$c1965. 300 $a87 p. ;$c21 cm. 490 0 $aEtudes du Conseil oecuménique ;$vN°2 500 $aContiene : Appendice. 650 4$aDiaconato.$0(OLS)http://semarc/subject/3850 710 2 $aConsiglio Ecumenico delle Chiese.$0(OLS)http://semarc/name/1903 830 0$aEtudes du Conseil oecuménique ;$vN°2.$0(OLS)http://semarc/title/38339 850 $aSeMil 852 $aSeMil$W1$xVenegono$y1$m2M I 92$j30233$B30233$CSeMilBibl$Z2$F30236 $81 996 $6245$aLe ministère des diacres$9(OLS)http://semarc/title/101338 996 $6260$aGenève :$b[s.n.]$9(OLS)http://semarc/publisher/30628 LEADER 01260nam a2200265 4500 001 000000345446 003 CaOOAMICUS 005 20260122142529.0 008 210420s1649 ne a 000 u lat r 026 $at,l- usni r-u- trri (3) 1649 (A) 040 $aSeMil$bita 100 11$aTacitus, Publius Cornelius ,$c.$0(OLS)http://semarc/name/5210 245 00$aC. Cornelius Tacitus cum optimis exemplaribus collatus. Adiecti sunt capitulorum numeri. 264 1$aAmstelodami :$bTypis Ludovici Elzeviri : sumptibus Societatis,$c1649. 300 $a624, [24] p. :$bfront. calcogr. ;$c24° 500 $aIniziali e fregi xilogr. 500 $aMarca tipogr. entro fregio iniziali EID in fine 500 $aSegn.: A-2R8 2S4 700 1 $aElzevier, Lodewijk,$c.$0(OLS)http://semarc/name/12181 752 $aNL$dAmsterdam 850 $aSeMil 852 $aSeMil$W1$xVenegono$y1$m2ZA VIII 36 FA$j225478$B236534$CSeMilBibl$Z2$F236534 $8I 996 $6245$aC. Cornelius Tacitus cum optimis exemplaribus collatus. Adiecti sunt capitulorum numeri$9(OLS)http://semarc/title/434593 996 $6264$aAmstelodami :$bTypis Ludovici Elzeviri : sumptibus Societatis$9(OLS)http://semarc/publisher/59708 LEADER 01507nam a2200265 4500 001 000000360322 003 CaOOAMICUS 005 20241015145315.0 008 241014s2004 it 000 u ita r 020 $a88-88287-07-8 040 $aSeMil$bita 245 00$aChi mi darà ali di colomba? :$bPellegrinaggio quaresimale nella luce dello Spirito Santo con mons. Luigi Bosio : meditazioni tratte dalle omelie del tempo quaresimale degli anni 1986-87 /$c[a cura di Mariadele Orioli e Fausto Soffiatti]. 264 1$aMelara (RO) :$bParva,$c2004. 300 $a122 p. ;$c21 cm 650 4$aBosio, Luigi - Scritti, discorsi, omelie, lettere pastorali, ecc.$0(OLS)http://semarc/subject/54694 700 1 $aSoffiatti, Fausto.$0(OLS)http://semarc/name/93098 700 1 $aOrioli, Mariadele.$0(OLS)http://semarc/name/93097 700 1 $aBosio, Luigi,$c.$0(OLS)http://semarc/name/46390 850 $aSeMil 852 $aSeMil$W1$xVenegono$y1$m3F II 1211$j251728$B251350$CSeMilBibl$Z2$F251350 $81 961 $aBuzzi mons. Franco - Omaggio 996 $6020$a88-88287-07-8$9(OLS)http://semarc/number/301543 996 $6245$aChi mi darà ali di colomba? :$bPellegrinaggio quaresimale nella luce dello Spirito Santo con mons. Luigi Bosio : meditazioni tratte dalle omelie del tempo quaresimale degli anni 1986-87$9(OLS)http://semarc/title/450816 996 $6264$aMelara (RO) :$bParva$9(OLS)http://semarc/publisher/55977